| 000 | 00512nam a2200181Ia 4500 | ||
|---|---|---|---|
| 001 | 21290 | ||
| 005 | 20260306172908.0 | ||
| 008 | 260306t2019||||xx |||||||||||||| ||spa|| | ||
| 041 | _aESP | ||
| 082 |
_a344.523 _bA32 |
||
| 100 |
_aAguila Llanos, Juan Carlos del _eAUT |
||
| 245 | 0 |
_aViolencia familiar: _banálisis y comentarios a la ley N° 30364 y su reglamento D.S. N° 009-2016-MIMP |
|
| 260 | _c2019 | ||
| 300 |
_a648 páginas : _c24 cm. |
||
| 650 | _aGEN | ||
| 654 | _aCDE | ||
| 942 |
_cLIB _dJUS _fJUS _2ddc _n |
||
| 999 |
_c21290 _d21290 |
||